| 000 | 00683nam a22001937a 4500 | ||
|---|---|---|---|
| 999 |
_c9680 _d9680 |
||
| 003 | AR-CdUCM | ||
| 008 | 190328b ||||| |||| 00| 0 spa d | ||
| 040 |
_aMUNICIPALIDAD PROVINCIAL DEL CUSCO _cBIBLIOTECA MUNICIPAL DEL CUSCO |
||
| 082 |
_a704.9482 / _bS12 |
||
| 100 |
_aSabogal, Jose _921983 |
||
| 245 | _aEl desvan de la imaginaria peruana / | ||
| 260 |
_aLima : _bJuan Mejia Baca - P. L. Villanueva, _c1956. |
||
| 300 |
_a78 páginas ; _bfotografías. _c25 cm. |
||
| 505 | _aContenido: La cruz -- Taytacha Temblores-- La madera -- Semana Santa -- Sabado de gloria y Pascua... | ||
| 650 |
_aArte. _9561 |
||
| 650 |
_aArte cusqueño. _913165 |
||
| 942 |
_2ddc _cLIBROS |
||
| 945 | _awfj | ||